000 00491nam a22001697a 4500
005 20251108171928.0
008 250721s1988 xx 000 0 ara d
082 1 4 _aط/599.74
245 1 0 _aالذئب /
264 1 _aبيروت :
_bدار المسيرة،
_c1988.
490 0 _aالمستكشف الصغير : عالم البراري
650 1 7 _aالحيوانات
650 1 7 _aالذئاب
653 _aناشئون صغار (10-14 سنة)
942 _2ddc
_cBK
999 _c66162
_d66162